| 000 | 00474cam a22001931 4500 | ||
|---|---|---|---|
| 001 | ne 64003021 | ||
| 003 | DLC | ||
| 005 | 20260227111807.0 | ||
| 008 | 881028s1964 xx 000 0 arar | ||
| 010 | _ane 64003021 | ||
| 035 | _a(OCoLC)23492503 | ||
| 040 |
_aDLC _cMiU _dDLC |
||
| 050 | 0 | 0 |
_aPJ7816.I527 _bB3 |
| 100 | 1 | _aBindārī, Sāmī. | |
| 245 | 1 | 3 | _aal-Baḥth ʻan al-ḥurrīyah. |
| 260 |
_a[n. p.] _c[1964] |
||
| 300 |
_a413 p. _c17 cm. |
||
| 500 | _aRomanized. | ||
| 999 |
_c47608 _d47608 |
||